Movies Quiz

Random Movies or Alphabet Quiz

IMDb Movie Genres Quiz Stats

 Plays Quiz Updated Nov 23, 2018

Also try: IMDb by Year
Challenge
Share
Tweet
Embed
Score 0/22 Timer 04:00
0 Plays Today
Genre (Alphabetically) % Correct
Comedy
97%
Horror
88%
Drama
86%
Action
82%
Romance
80.8%
Thriller
66.6%
Sci-Fi
65.4%
Documentary
64.8%
Animation
58.1%
Adventure
55.9%
Music
39.3%
Genre (Alphabetically) % Correct
Fantasy
38.2%
History
35.8%
Western
35.4%
Family
35.4%
Biography
33.1%
Musical
32.2%
Mystery
32%
War
29%
Sport
27.9%
Crime
25.3%
Film Noir
18.3%

You're not logged in!

Compare scores with friends on all Sporcle quizzes.
OR
Log In

You Might Also Like...

Show Comments

Extras

Top Quizzes Today


Score Distribution

Your Account Isn't Verified!

In order to create a playlist on Sporcle, you need to verify the email address you used during registration. Go to your Sporcle Settings to finish the process.

Report this User

Report this user for behavior that violates our Community Guidelines.

Details: